Sun tzu : (Record no. 347908)
[ view plain ]
| 000 -LEADER | |
|---|---|
| fixed length control field | 00964 a2200181 4500 |
| 020 ## - INTERNATIONAL STANDARD BOOK NUMBER | |
| International Standard Book Number | 1883999103 (paperback) |
| 020 ## - INTERNATIONAL STANDARD BOOK NUMBER | |
| International Standard Book Number | 9781883999100 (paperback) |
| 082 04 - DEWEY DECIMAL CLASSIFICATION NUMBER | |
| Classification number | 658.4012 |
| 090 ## - LOCALLY ASSIGNED LC-TYPE CALL NUMBER (OCLC); LOCAL CALL NUMBER (RLIN) | |
| -- | 5501 |
| -- | 5501 |
| 100 1# - MAIN ENTRY--PERSONAL NAME | |
| Personal name | Michaelson, Gerald A. |
| 245 10 - TITLE STATEMENT | |
| Title | Sun tzu : |
| Remainder of title | the art of war for managers / |
| Statement of responsibility, etc. | Gerald A. Michaelson. |
| 250 ## - EDITION STATEMENT | |
| Edition statement | 2nd ed. |
| 260 ## - PUBLICATION, DISTRIBUTION, ETC. | |
| Place of publication, distribution, etc. | [S.l.] : |
| Name of publisher, distributor, etc. | Executive Excellence Publishing, |
| Date of publication, distribution, etc. | 1999. |
| 300 ## - PHYSICAL DESCRIPTION | |
| Extent | 160 p. ; |
| Dimensions | 23 cm. |
| 520 ## - SUMMARY, ETC. | |
| Summary, etc. | Timeless Wisdom for the New Millennium Now, the strategic wisdom of Sun Tzu in powerful 10-minute lessons to enhance your business success. Benefit from: * The newest translation of The Art of War * Interpretations from other translators and strategists * 50 strategic rules with business commentary such as: Win without Fighting Look for Strategic Turns Make Victory the Only Option. |
| 856 40 - ELECTRONIC LOCATION AND ACCESS | |
| Materials specified | Amazon.com |
| Uniform Resource Identifier | <a href="http://www.amazon.com/exec/obidos/ASIN/1883999103/chopaconline-20">http://www.amazon.com/exec/obidos/ASIN/1883999103/chopaconline-20</a> |
| 942 ## - ADDED ENTRY ELEMENTS (KOHA) | |
| Institution code [OBSOLETE] | NBS |
| Koha item type | Book |
| Call number prefix | 658.4012 MIC |
| Withdrawn status | Lost status | Damaged status | Not for loan | Permanent Location | Current Location | Date acquired | Total Checkouts | Full call number | Barcode | Date last seen | Price effective from | Koha item type |
|---|---|---|---|---|---|---|---|---|---|---|---|---|
| Central Library (CL) | Central Library (CL) | 08/28/2013 | 658.4012 MIC | NBS5437 | 08/28/2013 | 08/28/2013 | Book |
